Normal view
MARC view
Entry Topical Term
001 - CONTROL NUMBER
- control field: 25479
003 - CONTROL NUMBER IDENTIFIER
- control field:
005 - DATE AND TIME OF LATEST TRANSACTION
- control field: 20250714091115.0
008 - FIXED-LENGTH DATA ELEMENTS
- fixed length control field: 250714|| aca||aabn | a|a d
040 ## - CATALOGING SOURCE
- Original cataloging agency:
- Transcribing agency:
150 ## - HEADING--TOPICAL TERM
- Topical term or geographic name as entry element: English language
- General subdivision: Synonyms and antonyms
- Form subdivision: Juvenile literature
670 ## - SOURCE DATA FOUND
- Source citation: Work cat.: ()13108: Hellweg, Paul. 25478, The American heritage student thesaurus /, c2003.